Good style : writing for science and technology /
Salvato in:
| Autore principale: | |
|---|---|
| Natura: | Libro |
| Lingua: | inglese |
| Pubblicazione: |
London ; New York :
E & FN Spon,
1992.
|
| Edizione: | 1st ed. |
| Soggetti: | |
| Accesso online: | Contributor biographical information Visualizza in OPAC |
| Tags: |
Nessun Tag, puoi essere il primo ad aggiungerne!!
|
MARC
| LEADER | 00000cam a2200000 a 4500 | ||
|---|---|---|---|
| 001 | 1568054 | ||
| 003 | SK-BrSCK | ||
| 005 | 20260127134423.0 | ||
| 008 | 920526s1992 enk b 001 0 eng | ||
| 010 | |a 92165204 | ||
| 020 | |a 0419171908 | ||
| 040 | |a DLC |c SK-BrSCK |d DLC | ||
| 050 | 0 | 0 | |a T11 |b .K54 1992 |
| 082 | 0 | 0 | |a 808/.0666 |2 20 |
| 100 | 1 | |a Kirkman, John |q (Alfred John) | |
| 245 | 1 | 0 | |a Good style : |b writing for science and technology / |c John Kirkman. |
| 250 | |a 1st ed. | ||
| 260 | |a London ; |a New York : |b E & FN Spon, |c 1992. | ||
| 300 | |a viii, 221 p. ; |c 24 cm. | ||
| 500 | |a Rev. ed. of: Good style for scientific and engineering writing. 1980. | ||
| 504 | |a Includes bibliographical references (p. [217]-218) and index. | ||
| 650 | 0 | |a Technical writing. | |
| 700 | 1 | 2 | |a Kirkman, John |q (Alfred John). |t Good style for scientific and engineering writing. |
| 856 | 4 | 2 | |3 Contributor biographical information |u http://www.loc.gov/catdir/enhancements/fy1102/92165204-b.html |
| 906 | |a 7 |b cbc |c orignew |d 3 |e ncip |f 19 |g y-gencatlg | ||
| 942 | |2 udc |c 12 | ||
| 999 | |c 12394 |d 12394 | ||